Normal view
MARC view
Entry Corporate Name
001 - CONTROL NUMBER
- control field: 37824
003 - CONTROL NUMBER IDENTIFIER
- control field: OSt
005 - DATE AND TIME OF LATEST TRANSACTION
- control field: 20240308144222.0
008 - FIXED-LENGTH DATA ELEMENTS
- fixed length control field: 240308|| aca||aabn | a|a d
040 ## - CATALOGING SOURCE
- Original cataloging agency: OSt
- Transcribing agency: OSt
110 ## - HEADING--CORPORATE NAME
- Corporate name or jurisdiction name as entry element: ၸၢႆးၸိူင်းမၢဝ်း (ၼမ်ႉၶမ်း) ပိၼ်ႇတႅမ်ႈ-
670 ## - SOURCE DATA FOUND
- Source citation: Work cat.: (OSt)6214: ၵဵတ်ႇ လုင်း 37823, ပိုၼ်းတႆးၵူႈၶိူဝ်းၶိူဝ်း, 1987